[Event "European Individual Chess Championship 2017"]
[Site "?"]
[Date "2017.06.09"]
[Round "10.92"]
[White "Reshef, Omer"]
[Black "Fedorov, Alexei"]
[Result "1/2-1/2"]
[BlackElo "2598"]
[WhiteElo "2459"]
[LiveChessVersion "1.4.8"]

1. e4 {[%clk 1:30:57]} c5 {[%clk 1:30:54]} 2. Nf3 {[%clk 1:31:22]} Nc6
{[%clk 1:31:14]} 3. Bb5 {[%clk 1:31:48]} e6 {[%clk 1:31:38]} 4. O-O
{[%clk 1:31:55]} Nge7 {[%clk 1:32:02]} 5. Re1 {[%clk 1:32:05]} Nd4
{[%clk 1:32:16]} 6. Nxd4 {[%clk 1:32:29]} cxd4 {[%clk 1:32:42]} 7. c3
{[%clk 1:32:49]} a6 {[%clk 1:32:11]} 8. Bf1 {[%clk 1:32:47]} Nc6 {[%clk 1:32:30]}
9. Na3 {[%clk 1:33:00]} Bc5 {[%clk 1:30:04]} 10. b4 {[%clk 1:33:24]} Be7
{[%clk 1:26:14]} 11. b5 {[%clk 1:30:20]} axb5 {[%clk 1:26:09]} 12. Nxb5
{[%clk 1:30:39]} dxc3 {[%clk 1:25:54]} 13. dxc3 {[%clk 1:26:19]} O-O
{[%clk 1:25:29]} 14. e5 {[%clk 1:15:55]} f6 {[%clk 1:22:54]} 15. exf6
{[%clk 1:11:02]} Bxf6 {[%clk 1:22:18]} 16. a4 {[%clk 1:05:08]} d5
{[%clk 1:11:05]} 17. Ba3 {[%clk 0:54:53]} Ne7 {[%clk 1:02:05]} 18. Rb1
{[%clk 0:48:19]} e5 {[%clk 0:54:24]} 19. Bxe7 {[%clk 0:38:49]} Bxe7
{[%clk 0:49:38]} 20. Rxe5 {[%clk 0:38:44]} Bc5 {[%clk 0:49:42]} 21. Rxd5
{[%clk 0:11:17]} Qh4 {[%clk 0:32:55]} 22. Kh1 {[%clk 0:11:18]} Bf5
{[%clk 0:25:43]} 23. Bd3 {[%clk 0:07:58]} Qxf2 {[%clk 0:23:31]} 24. Bxf5
{[%clk 0:07:57]} Rxf5 {[%clk 0:23:56]} 25. Rxf5 {[%clk 0:07:15]} Qxf5
{[%clk 0:24:21]} 26. Nd4 {[%clk 0:05:55]} Bxd4 {[%clk 0:22:10]} 27. cxd4
{[%clk 0:06:09]} Rxa4 {[%clk 0:21:07]} 28. Qb3+ {[%clk 0:04:56]} Kh8
{[%clk 0:20:08]} 29. Re1 {[%clk 0:04:15]} Ra8 {[%clk 0:19:31]} 30. Qxb7
{[%clk 0:04:05]} Rf8 {[%clk 0:19:18]} 31. h3 {[%clk 0:04:12]} h6 {[%clk 0:19:21]}
32. d5 {[%clk 0:03:05]} Rd8 {[%clk 0:17:17]} 33. d6 {[%clk 0:00:34]} Qd3
{[%clk 0:16:47]} 34. Qe7 {[%clk 0:00:40]} 1/2-1/2

[Event "European Individual Chess Championship 2017"]
[Site "?"]
[Date "2017.06.09"]
[Round "10.93"]
[White "Bogdanovich, Stanislav"]
[Black "Kjartansson, Gudmundur"]
[Result "1-0"]
[BlackElo "2437"]
[WhiteElo "2596"]
[LiveChessVersion "1.4.8"]

1. Nc3 {[%clk 1:27:39]} e5 {[%clk 1:28:27]} 2. Nf3 {[%clk 1:28:05]} Nc6
{[%clk 1:26:20]} 3. d4 {[%clk 1:28:32]} exd4 {[%clk 1:26:10]} 4. Nxd4
{[%clk 1:28:59]} Nf6 {[%clk 1:24:57]} 5. Bg5 {[%clk 1:28:03]} Bb4
{[%clk 1:13:17]} 6. Nxc6 {[%clk 1:20:32]} Bxc3+ {[%clk 1:08:10]} 7. bxc3
{[%clk 1:20:58]} bxc6 {[%clk 1:08:24]} 8. Qd4 {[%clk 1:14:24]} Qe7
{[%clk 1:06:36]} 9. e3 {[%clk 1:09:41]} c5 {[%clk 1:00:06]} 10. Qf4
{[%clk 1:05:45]} h6 {[%clk 0:52:01]} 11. Bxf6 {[%clk 1:05:00]} Qxf6
{[%clk 0:52:18]} 12. Qxf6 {[%clk 1:05:02]} gxf6 {[%clk 0:52:44]} 13. Rb1
{[%clk 1:04:34]} d6 {[%clk 0:48:50]} 14. g3 {[%clk 0:57:34]} c6 {[%clk 0:44:03]}
15. Kd2 {[%clk 0:54:56]} Kd7 {[%clk 0:39:04]} 16. Rb3 {[%clk 0:39:33]} Kc7
{[%clk 0:38:25]} 17. Ra3 {[%clk 0:34:12]} Be6 {[%clk 0:33:58]} 18. Ra4
{[%clk 0:34:13]} Bd5 {[%clk 0:24:58]} 19. Rg1 {[%clk 0:34:12]} Rhb8
{[%clk 0:24:42]} 20. Bd3 {[%clk 0:32:58]} Rb2 {[%clk 0:18:28]} 21. Rf4
{[%clk 0:27:36]} Rxa2 {[%clk 0:17:21]} 22. Rxf6 {[%clk 0:27:06]} Rh8
{[%clk 0:06:34]} 23. Rb1 {[%clk 0:26:11]} Be6 {[%clk 0:00:36]} 24. Bg6
{[%clk 0:19:09]} Rf8 {[%clk 0:00:31]} 25. Bf5 {[%clk 0:19:36]} Bxf5
{[%clk 0:00:47]} 26. Rxf5 {[%clk 0:20:04]} Ra4 {[%clk 0:00:34]} 27. Rf6
{[%clk 0:19:06]} h5 {[%clk 0:00:38]} 28. h4 {[%clk 0:19:33]} Re4 {[%clk 0:00:38]}
29. Ra1 {[%clk 0:19:40]} Kb6 {[%clk 0:00:34]} 30. Rxd6 {[%clk 0:19:55]} Re5
{[%clk 0:00:33]} 31. c4 {[%clk 0:19:32]} Kc7 {[%clk 0:00:32]} 32. Rh6
{[%clk 0:16:58]} Rd8+ {[%clk 0:00:35]} 33. Ke2 {[%clk 0:17:08]} Kb6
{[%clk 0:00:52]} 34. Rf6 {[%clk 0:10:23]} Rd7 {[%clk 0:00:49]} 35. Rb1+
{[%clk 0:08:37]} Kc7 {[%clk 0:00:38]} 36. Rd1 {[%clk 0:08:51]} Ree7
{[%clk 0:00:32]} 37. Ra1 {[%clk 0:08:50]} Kb6 {[%clk 0:00:34]} 38. Rf5
{[%clk 0:09:09]} 1-0

[Event "European Individual Chess Championship 2017"]
[Site "?"]
[Date "2017.06.09"]
[Round "10.94"]
[White "Buhmann, Rainer"]
[Black "Froewis, Georg"]
[Result "1-0"]
[BlackElo "2432"]
[WhiteElo "2596"]
[LiveChessVersion "1.4.8"]

1. c4 {[%clk 1:30:57]} e6 {[%clk 1:30:52]} 2. g3 {[%clk 1:31:20]} d5
{[%clk 1:30:12]} 3. Bg2 {[%clk 1:31:40]} Nf6 {[%clk 1:30:32]} 4. Nf3
{[%clk 1:31:55]} dxc4 {[%clk 1:29:16]} 5. Qa4+ {[%clk 1:32:17]} Bd7
{[%clk 1:29:24]} 6. Qxc4 {[%clk 1:32:40]} c5 {[%clk 1:29:43]} 7. O-O
{[%clk 1:32:34]} Bc6 {[%clk 1:27:24]} 8. Qc2 {[%clk 1:31:27]} Nbd7
{[%clk 1:26:00]} 9. Nc3 {[%clk 1:31:07]} Be7 {[%clk 1:26:00]} 10. d3
{[%clk 1:31:00]} O-O {[%clk 1:25:37]} 11. a4 {[%clk 1:30:51]} Nd5
{[%clk 1:24:06]} 12. Nxd5 {[%clk 1:30:48]} Bxd5 {[%clk 1:21:33]} 13. e4
{[%clk 1:29:31]} Bc6 {[%clk 1:22:00]} 14. Be3 {[%clk 1:17:30]} Rc8
{[%clk 1:20:24]} 15. Rfd1 {[%clk 1:17:11]} Nf6 {[%clk 1:09:01]} 16. Ne5
{[%clk 1:15:27]} Nd7 {[%clk 1:05:33]} 17. Nxc6 {[%clk 0:55:38]} Rxc6
{[%clk 1:05:50]} 18. e5 {[%clk 0:54:05]} Rc7 {[%clk 1:05:26]} 19. Qe2
{[%clk 0:49:20]} Qc8 {[%clk 0:59:44]} 20. d4 {[%clk 0:44:24]} cxd4
{[%clk 0:58:18]} 21. Bxd4 {[%clk 0:44:16]} Bc5 {[%clk 0:58:05]} 22. Bc3
{[%clk 0:42:47]} Rd8 {[%clk 0:57:46]} 23. Qb5 {[%clk 0:28:42]} a6
{[%clk 0:49:50]} 24. Qb3 {[%clk 0:25:44]} b6 {[%clk 0:43:53]} 25. Rd2
{[%clk 0:15:16]} Nb8 {[%clk 0:43:32]} 26. Rad1 {[%clk 0:14:29]} Rcd7
{[%clk 0:43:32]} 27. Be4 {[%clk 0:10:34]} Rxd2 {[%clk 0:37:41]} 28. Rxd2
{[%clk 0:10:45]} Rxd2 {[%clk 0:38:05]} 29. Bxd2 {[%clk 0:11:11]} Qd7
{[%clk 0:36:46]} 30. Qc2 {[%clk 0:05:34]} h6 {[%clk 0:34:52]} 31. a5
{[%clk 0:03:16]} Bd4 {[%clk 0:32:01]} 32. axb6 {[%clk 0:01:59]} Bxb6
{[%clk 0:32:25]} 33. Bb4 {[%clk 0:01:36]} Qd8 {[%clk 0:29:46]} 34. Bd6
{[%clk 0:01:33]} a5 {[%clk 0:29:45]} 35. Qc4 {[%clk 0:01:32]} Nd7
{[%clk 0:29:18]} 36. Qb5 {[%clk 0:00:38]} Nf8 {[%clk 0:24:37]} 37. Kg2
{[%clk 0:00:35]} Bd4 {[%clk 0:23:07]} 38. b3 {[%clk 0:00:43]} f5 {[%clk 0:17:18]}
39. Bc6 {[%clk 0:00:46]} Ng6 {[%clk 0:17:30]} 40. Qc4 {[%clk 0:30:35]} Nxe5
{[%clk 0:47:05]} 41. Bxe5 {[%clk 0:30:47]} 1-0

[Event "European Individual Chess Championship 2017"]
[Site "?"]
[Date "2017.06.09"]
[Round "10.95"]
[White "Grinberg, Eyal"]
[Black "Ruck, Robert"]
[Result "1/2-1/2"]
[BlackElo "2557"]
[WhiteElo "2457"]
[LiveChessVersion "1.4.8"]

1. e4 c6 2. d4 d5 3. e5 Bf5 4. Nf3 e6 5. Be2 c5 6. O-O Nc6 7. Be3 cxd4 8. Nxd4
Nxd4 9. Bxd4 Ne7 10. Bb5+ Nc6 11. Nd2 Rc8 12. Nb3 a6 13. Bxc6+ Rxc6 14. c3 Bg6
15. Qd2 Be7 16. f4 Be4 17. Qf2 Qc7 18. Be3 g6 19. Qe2 h5 20. h3 h4 21. Rad1 Kf8
22. Bd4 Kg7 23. Qf2 b5 24. a3 a5 25. Rfe1 Ra8 26. Nd2 Bf5 27. Nf3 Rh8 28. Ra1 Be4
29. Nd2 Bf5 30. Nb3 Rb8 31. Ba7 Rb7 32. Be3 Rc4 33. Nd2 Rc6 34. Nb3 Be4 35. Nd2
Bd3 36. Nb3 Be4 37. Nd2 Bd3 38. Nb3 Rb8 39. Nd4 Rc4 40. Nf3 Qd8 41. Bd4 Bf5 42.
Nh2 Qh8 43. Ng4 Qh5 44. Nf6 Qh6 45. Rf1 Bd3 46. Rfd1 Bf5 47. Rd2 Rbc8 48. Kh1
1/2-1/2

[Event "European Individual Chess Championship 2017"]
[Site "?"]
[Date "2017.06.09"]
[Round "10.96"]
[White "Baron, Tal"]
[Black "Kessler, Luca"]
[Result "1-0"]
[BlackElo "2431"]
[WhiteElo "2540"]
[LiveChessVersion "1.4.8"]

1. e4 e5 2. Nf3 Nc6 3. Bb5 a6 4. Ba4 Nf6 5. O-O Be7 6. Re1 b5 7. Bb3 d6 8. c3 O-O
9. d4 Bg4 10. Be3 exd4 11. cxd4 d5 12. e5 Ne4 13. h3 Bh5 14. Nbd2 Nxd2 15. Qxd2
Bxf3 16. Qc3 Bxg2 17. Kxg2 Nb8 18. Kh2 c6 19. Rg1 Kh8 20. Rg2 f5 21. Rag1 Rf7 22.
Bf4 Qd7 23. Qf3 Bf8 24. Qh5 a5 25. Bc2 Na6 26. Rg5 1-0

[Event "European Individual Chess Championship 2017"]
[Site "?"]
[Date "2017.06.09"]
[Round "10.97"]
[White "Pavlidis, Antonios"]
[Black "Elistratov, Semen"]
[Result "1/2-1/2"]
[BlackElo "2417"]
[WhiteElo "2539"]
[LiveChessVersion "1.4.8"]

1. e4 {[%clk 1:30:37]} c5 {[%clk 1:30:49]} 2. Nf3 {[%clk 1:31:03]} d6
{[%clk 1:31:12]} 3. d4 {[%clk 1:31:29]} cxd4 {[%clk 1:31:39]} 4. Nxd4
{[%clk 1:31:55]} Nf6 {[%clk 1:32:06]} 5. Nc3 {[%clk 1:32:19]} a6 {[%clk 1:32:30]}
6. Be3 {[%clk 1:32:43]} e5 {[%clk 1:32:40]} 7. Nb3 {[%clk 1:33:09]} Be6
{[%clk 1:32:53]} 8. f3 {[%clk 1:33:34]} h5 {[%clk 1:32:10]} 9. Qd2
{[%clk 1:34:00]} Nbd7 {[%clk 1:32:33]} 10. O-O-O {[%clk 1:34:22]} Be7
{[%clk 1:32:18]} 11. Kb1 {[%clk 1:22:50]} Rc8 {[%clk 1:31:57]} 12. g3
{[%clk 1:22:39]} b5 {[%clk 1:28:58]} 13. Nd5 {[%clk 1:22:43]} Bxd5
{[%clk 1:25:22]} 14. exd5 {[%clk 1:23:02]} Nb6 {[%clk 1:24:40]} 15. Bxb6
{[%clk 1:23:26]} Qxb6 {[%clk 1:25:06]} 16. Bh3 {[%clk 1:23:53]} Rc4
{[%clk 1:22:39]} 17. Rhe1 {[%clk 1:24:17]} O-O {[%clk 1:14:32]} 18. Bf1
{[%clk 1:24:01]} Rc7 {[%clk 1:06:23]} 19. f4 {[%clk 1:21:23]} e4 {[%clk 1:02:59]}
20. Bg2 {[%clk 1:09:24]} Rfc8 {[%clk 0:59:59]} 21. Bxe4 {[%clk 0:54:05]} Nxe4
{[%clk 1:00:24]} 22. Rxe4 {[%clk 0:54:32]} Rxc2 {[%clk 0:50:48]} 23. Qxc2
{[%clk 0:54:05]} Rxc2 {[%clk 0:51:16]} 24. Kxc2 {[%clk 0:54:31]} Bf6
{[%clk 0:51:39]} 25. Nc1 {[%clk 0:38:37]} Qc5+ {[%clk 0:43:24]} 26. Kb1
{[%clk 0:38:23]} a5 {[%clk 0:43:49]} 27. a3 {[%clk 0:38:05]} Qf2 {[%clk 0:36:14]}
28. Re2 {[%clk 0:37:52]} Qb6 {[%clk 0:36:40]} 29. Rd3 {[%clk 0:35:52]} b4
{[%clk 0:32:41]} 30. a4 {[%clk 0:33:10]} Qb7 {[%clk 0:29:33]} 31. Rc2
{[%clk 0:32:38]} Qd7 {[%clk 0:25:49]} 32. Rc6 {[%clk 0:32:58]} Kh7
{[%clk 0:26:08]} 33. Ka2 {[%clk 0:29:31]} Be7 {[%clk 0:24:27]} 34. Nb3
{[%clk 0:29:20]} Bd8 {[%clk 0:19:16]} 35. Nd4 {[%clk 0:26:20]} Bf6
{[%clk 0:18:44]} 36. Nb3 {[%clk 0:25:08]} Bd8 {[%clk 0:18:48]} 37. Rd2
{[%clk 0:21:18]} Be7 {[%clk 0:17:25]} 38. Nd4 {[%clk 0:20:25]} Qa7
{[%clk 0:02:18]} 39. Kb3 {[%clk 0:11:02]} Bf6 {[%clk 0:01:01]} 40. Kc4
{[%clk 0:41:27]} Qe7 {[%clk 0:30:43]} 41. Re2 {[%clk 0:34:57]} Qa7
{[%clk 0:20:05]} 42. Rd2 {[%clk 0:19:06]} Qe7 {[%clk 0:18:57]} 43. Re2
{[%clk 0:19:28]} Qa7 {[%clk 0:18:53]} 44. Rd2 {[%clk 0:16:12]} Qe7 1/2-1/2

[Event "European Individual Chess Championship 2017"]
[Site "?"]
[Date "2017.06.09"]
[Round "10.98"]
[White "Sanal, Vahap"]
[Black "Balashov, Yuri S"]
[Result "0-1"]
[BlackElo "2408"]
[WhiteElo "2533"]
[LiveChessVersion "1.4.8"]

1. e4 e5 2. Nf3 Nc6 3. Bb5 a6 4. Ba4 Nf6 5. O-O Be7 6. Re1 b5 7. Bb3 d6 8. c3 O-O
9. h3 Nb8 10. d4 Nbd7 11. Nbd2 Bb7 12. Bc2 Re8 13. a4 Bf8 14. Bd3 c6 15. Qc2 g6
16. b3 Rc8 17. Bb2 Nh5 18. Rad1 exd4 19. cxd4 d5 20. Qb1 Nf4 21. Bf1 b4 22. Ne5
Nxe5 23. dxe5 Qb6 24. Nf3 Ne6 25. exd5 cxd5 26. Nd4 Bc5 27. Qa1 a5 28. Rd2 Bxd4
29. Bxd4 Nxd4 30. Rxd4 Rc3 31. Qd1 Qc7 32. f4 Qc5 33. Kh2 Rxb3 34. Bb5 Re7 35.
Qxb3 Qxd4 36. Qg3 Qc3 37. Qg5 Qc7 38. Re2 Re6 39. Qg3 Ba6 40. f5 Bxb5 41. axb5
Rb6 42. f6 h6 43. Qe3 Rxf6 44. Rc2 Qb8 45. Rc5 Rb6 46. Qe2 d4 47. Qc4 Kg7 48. Rc7
Qe8 49. Qxd4 Qe6 50. Rc5 b3 51. Qa1 Rb7 52. Qc3 Kh7 53. Rc6 Qd7 54. Rc8 Qe6 55.
Rc6 Qf5 56. b6 Qf4+ 57. Kh1 Qb4 58. Qb2 a4 59. e6 a3 60. Qf6 b2 61. exf7 b1=Q+
62. Kh2 Qf8 0-1

[Event "European Individual Chess Championship 2017"]
[Site "?"]
[Date "2017.06.09"]
[Round "10.99"]
[White "Erdogdu, Mert"]
[Black "Djukic, Nikola"]
[Result "1/2-1/2"]
[BlackElo "2526"]
[WhiteElo "2448"]
[LiveChessVersion "1.4.8"]

1. e4 {[%clk 1:30:10]} g6 {[%clk 1:30:53]} 2. d4 {[%clk 1:30:05]} Bg7
{[%clk 1:31:18]} 3. Nc3 {[%clk 1:30:00]} d5 {[%clk 1:31:42]} 4. exd5
{[%clk 1:29:52]} Nf6 {[%clk 1:32:05]} 5. Bc4 {[%clk 1:28:47]} Nbd7
{[%clk 1:32:26]} 6. Bb3 {[%clk 1:28:05]} Nb6 {[%clk 1:30:54]} 7. Nf3
{[%clk 1:26:54]} O-O {[%clk 1:30:35]} 8. O-O {[%clk 1:27:06]} a5 {[%clk 1:30:59]}
9. a3 {[%clk 1:27:23]} a4 {[%clk 1:31:18]} 10. Ba2 {[%clk 1:27:48]} Nbxd5
{[%clk 1:31:42]} 11. Nxd5 {[%clk 1:27:39]} Nxd5 {[%clk 1:32:06]} 12. c3
{[%clk 1:26:11]} Bg4 {[%clk 1:27:29]} 13. h3 {[%clk 1:26:24]} Bxf3
{[%clk 1:27:53]} 14. Qxf3 {[%clk 1:26:50]} c6 {[%clk 1:28:19]} 15. Re1
{[%clk 1:27:05]} e6 {[%clk 1:28:20]} 16. g3 {[%clk 1:26:13]} Re8 {[%clk 1:20:41]}
17. h4 {[%clk 1:25:14]} h5 {[%clk 1:19:57]} 18. Bg5 {[%clk 1:25:02]} Qd6
{[%clk 1:20:08]} 19. Rad1 {[%clk 1:22:16]} b5 {[%clk 1:10:05]} 20. Re2
{[%clk 1:20:03]} Qf8 {[%clk 1:05:55]} 21. Qd3 {[%clk 1:14:49]} Bh6
{[%clk 1:03:44]} 22. Bxh6 {[%clk 1:12:46]} Qxh6 {[%clk 1:04:08]} 23. Bxd5
{[%clk 1:13:12]} exd5 {[%clk 1:04:15]} 24. Rde1 {[%clk 1:13:37]} Qf8
{[%clk 1:02:33]} 25. Re3 {[%clk 1:13:19]} Rad8 {[%clk 1:01:41]} 26. Kg2
{[%clk 1:12:10]} Kg7 {[%clk 1:01:12]} 27. f3 {[%clk 1:11:35]} Rxe3
{[%clk 0:57:27]} 28. Qxe3 {[%clk 1:11:02]} Qd6 {[%clk 0:57:51]} 29. Kf2
{[%clk 0:45:56]} Qf6 {[%clk 0:56:47]} 30. Re2 {[%clk 0:40:57]} Rd6
{[%clk 0:55:45]} 31. Qe8 {[%clk 0:33:05]} Rd8 {[%clk 0:56:07]} 32. Qe5
{[%clk 0:31:33]} Rd6 {[%clk 0:52:34]} 33. Qe8 {[%clk 0:22:59]} Rd8
{[%clk 0:52:56]} 34. Qe7 {[%clk 0:23:05]} Qxe7 {[%clk 0:51:35]} 35. Rxe7
{[%clk 0:23:30]} Kf8 {[%clk 0:51:27]} 36. Re3 {[%clk 0:20:50]} Re8
{[%clk 0:47:49]} 37. Rxe8+ {[%clk 0:18:42]} Kxe8 {[%clk 0:48:10]} 38. Ke3
{[%clk 0:18:59]} Ke7 {[%clk 0:48:28]} 39. Kf4 {[%clk 0:19:20]} f6
{[%clk 0:42:53]} 40. g4 {[%clk 0:48:48]} Ke6 {[%clk 1:13:13]} 41. Kg3
{[%clk 0:40:52]} 1/2-1/2

[Event "European Individual Chess Championship 2017"]
[Site "?"]
[Date "2017.06.09"]
[Round "10.100"]
[White "Grib, Roman"]
[Black "Gabrielian, Artur"]
[Result "1-0"]
[BlackElo "2525"]
[WhiteElo "2415"]
[LiveChessVersion "1.4.8"]

1. e4 {[%clk 1:30:58]} c5 {[%clk 1:30:31]} 2. Nf3 {[%clk 1:31:18]} d6
{[%clk 1:30:14]} 3. Bb5+ {[%clk 1:31:21]} Nd7 {[%clk 1:30:20]} 4. d4
{[%clk 1:31:45]} cxd4 {[%clk 1:30:42]} 5. Qxd4 {[%clk 1:32:11]} a6
{[%clk 1:30:30]} 6. Bxd7+ {[%clk 1:32:09]} Bxd7 {[%clk 1:30:59]} 7. O-O
{[%clk 1:32:28]} e5 {[%clk 1:30:31]} 8. Qd3 {[%clk 1:32:46]} Qc7 {[%clk 1:29:51]}
9. Nc3 {[%clk 1:32:47]} Be6 {[%clk 1:30:06]} 10. Rd1 {[%clk 1:17:11]} Be7
{[%clk 1:29:17]} 11. Bg5 {[%clk 1:16:15]} Rd8 {[%clk 1:25:30]} 12. a4
{[%clk 1:06:05]} h6 {[%clk 1:17:44]} 13. Be3 {[%clk 0:55:06]} Nf6
{[%clk 1:16:47]} 14. a5 {[%clk 0:55:01]} Rc8 {[%clk 1:13:09]} 15. Nd2
{[%clk 0:52:46]} O-O {[%clk 1:10:30]} 16. Nf1 {[%clk 0:42:32]} Qc4
{[%clk 0:58:34]} 17. f3 {[%clk 0:29:38]} Qb4 {[%clk 0:55:16]} 18. Rdb1
{[%clk 0:23:53]} d5 {[%clk 0:49:21]} 19. exd5 {[%clk 0:23:48]} Rfd8
{[%clk 0:49:20]} 20. Ra4 {[%clk 0:21:38]} Rxc3 {[%clk 0:49:27]} 21. Rxb4
{[%clk 0:11:01]} Rxd3 {[%clk 0:48:57]} 22. Rxb7 {[%clk 0:11:29]} R3xd5
{[%clk 0:43:40]} 23. Rxe7 {[%clk 0:11:52]} Rc8 {[%clk 0:40:47]} 24. Bb6
{[%clk 0:03:27]} Nd7 {[%clk 0:32:25]} 25. c4 {[%clk 0:03:42]} Rd3
{[%clk 0:32:06]} 26. b4 {[%clk 0:01:34]} Kf8 {[%clk 0:28:55]} 27. Rxd7
{[%clk 0:01:54]} Bxd7 {[%clk 0:27:12]} 28. Ne3 {[%clk 0:01:40]} Be6
{[%clk 0:25:04]} 29. b5 {[%clk 0:01:07]} axb5 {[%clk 0:15:15]} 30. cxb5
{[%clk 0:01:32]} Ra3 {[%clk 0:15:02]} 31. a6 {[%clk 0:01:31]} Kg8
{[%clk 0:11:31]} 32. a7 {[%clk 0:00:52]} Ra2 {[%clk 0:06:34]} 33. h4
{[%clk 0:00:45]} f5 {[%clk 0:06:27]} 34. Rd1 {[%clk 0:00:39]} f4 {[%clk 0:05:05]}
35. Ng4 {[%clk 0:00:37]} e4 {[%clk 0:03:35]} 36. Ne5 {[%clk 0:00:40]} e3
{[%clk 0:01:40]} 37. Ng6 {[%clk 0:00:55]} Bb3 {[%clk 0:01:21]} 38. Rb1
{[%clk 0:00:33]} Rc4 {[%clk 0:00:38]} 39. Rxb3 {[%clk 0:00:32]} Ra1+
{[%clk 0:00:34]} 40. Kh2 {[%clk 0:30:59]} e2 {[%clk 0:30:38]} 41. Rb1
{[%clk 0:11:42]} Rca4 {[%clk 0:29:40]} 42. Rxa1 {[%clk 0:12:02]} Rxa1
{[%clk 0:30:06]} 43. Bf2 {[%clk 0:12:30]} Rxa7 {[%clk 0:29:30]} 44. Nxf4
{[%clk 0:12:55]} Rb7 {[%clk 0:28:04]} 45. Nxe2 {[%clk 0:13:20]} Rxb5
{[%clk 0:28:31]} 46. Nc3 {[%clk 0:13:30]} Rb3 {[%clk 0:28:24]} 47. Ne4
{[%clk 0:13:21]} h5 {[%clk 0:27:31]} 48. Ng5 {[%clk 0:13:20]} g6 {[%clk 0:26:52]}
49. Kg3 {[%clk 0:13:36]} Rb2 {[%clk 0:23:11]} 50. Ne4 {[%clk 0:13:42]} Ra2
{[%clk 0:22:59]} 51. Kf4 {[%clk 0:13:44]} Ra5 {[%clk 0:21:54]} 52. Bc5
{[%clk 0:13:42]} Ra2 {[%clk 0:21:33]} 53. g3 {[%clk 0:13:30]} Kf7
{[%clk 0:21:42]} 54. Kg5 {[%clk 0:13:26]} Ra6 {[%clk 0:20:38]} 55. Kh6
{[%clk 0:12:16]} Rc6 {[%clk 0:19:44]} 56. Kh7 {[%clk 0:11:42]} Ra6
{[%clk 0:17:17]} 57. Bd4 {[%clk 0:11:47]} Rc6 {[%clk 0:06:55]} 58. Ng5+
{[%clk 0:10:53]} Kf8 {[%clk 0:07:15]} 59. f4 {[%clk 0:08:39]} Ke8
{[%clk 0:05:59]} 60. Kg7 {[%clk 0:08:58]} Ke7 {[%clk 0:06:18]} 61. Be5
{[%clk 0:09:00]} Ra6 {[%clk 0:04:30]} 62. Ne4 {[%clk 0:09:15]} Ra4
{[%clk 0:04:25]} 63. Nc3 {[%clk 0:09:19]} 1-0